| 000 | 01117cam a22003373a 4500 | ||
|---|---|---|---|
| 001 | 0000762 | ||
| 003 | DO-SdBNP | ||
| 005 | 20180125102842.0 | ||
| 007 | 0000762 | ||
| 008 | 861112 2004 sp a 000 0 spa d | ||
| 010 | _a | ||
| 020 | _a8420400920 | ||
| 040 |
_aBPMSU _cspa _dBPMSU _d |
||
| 100 | 1 |
_aFerdjoukh, Malika _d1957- |
|
| 245 | 1 | 0 |
_aEnid y el secreto del acantilado / _cMalika Ferdjoukh ; ilustraciones Elena Odriozola ; traducción Isabel González Gallarza |
| 260 |
_aMadrid, España : _bAlfaguara, _bSantillana ediciones generales, _c2004. |
||
| 300 |
_a150 p. : _bil. _c20 cm. |
||
| 490 | 0 | _aPróxima parada Alfaguara | |
| 490 | 0 | _aCuatro hermanas | |
| 500 | _aIncluye datos biográficos de la autora. | ||
| 500 | _aLiteratura para niños a partir de los 12 años. | ||
| 521 | _aPara niños a partir de 12 años. | ||
| 600 | 0 | 0 |
_a _x |
| 700 | 1 | 2 |
_aOdriozola, Elena _eil. |
| 700 | 1 | 2 |
_aGonzález Gallarza, Isabel _etrad. |
| 830 | 0 | _aPróxima parada Alfaguara | |
| 830 | 0 | _aCuatro hermanas | |
| 942 |
_2ddc _cBK |
||
| 945 | _ainventariado, 2018 / dg | ||
| 956 |
_2YLOCKWARD _310 _8BPMSU |
||
| 999 |
_c11723 _d11723 |
||